Devine la Cover #4 - Statistiques

Statistiques générales
  • Ce quiz a été pris 212 fois
  • Le résultat moyen est 12 sur 16
Statistiques - réponses
Par images Réponse % Correct
PNL
99%
Gambi
97%
Hamza
97%
Maes
93%
Dinos
90%
Tiakola
90%
Alpha Wann
84%
SCH
81%
Ziak
81%
S-Crew
75%
Oboy
74%
Kekra
65%
Menace Santana
59%
MHD
47%
DaBaby
42%
Wallace Cleaver
41%
Aucun quiz correspondant
Distribution des résultats
% des personnes avec chaque résultat
Percentile par nombre de réponses
Votre historique - résultats
Vous n’avez pas pris ce quiz